Art and Architecture : (Record no. 13647)

MARC details
000 -LEADER
fixed length control field 01074cam a22002897a 4500
001 - CONTROL NUMBER
control field 15682964
003 - CONTROL NUMBER IDENTIFIER
control field EG-ScBUE
005 - DATE AND TIME OF LATEST TRANSACTION
control field 20221023104812.0
008 - FIXED-LENGTH DATA ELEMENTS--GENERAL INFORMATION
fixed length control field 090401t2009 sz ace f b 001 0 eng d
020 ## - INTERNATIONAL STANDARD BOOK NUMBER
International Standard Book Number 9783764399436 (alk. paper)
020 ## - INTERNATIONAL STANDARD BOOK NUMBER
International Standard Book Number 3764399430 (alk. paper)
035 ## - SYSTEM CONTROL NUMBER
System control number (OCoLC)ocn471241908
040 ## - CATALOGING SOURCE
Original cataloging agency AU@
Language of cataloging eng
Description conventions rda
Transcribing agency AU@
Modifying agency BWX
-- ORU
-- TEF
-- YDXCP
-- DLC
-- EG-ScBUE
082 04 - DEWEY DECIMAL CLASSIFICATION NUMBER
Edition number 22
Classification number 720.9
Item number BJO
100 1# - MAIN ENTRY--PERSONAL NAME
Personal name Bjone, Christian,
Relator term author.
9 (RLIN) 12544
245 10 - TITLE STATEMENT
Title Art and Architecture :
Remainder of title strategies in collaboration /
Statement of responsibility, etc Christian Bjone.
264 #1 - PUBLICATION, DISTRIBUTION, ETC. (IMPRINT)
Place of publication, distribution, etc Basel ;
-- Boston :
Name of publisher, distributor, etc Birkhauser,
Date of publication, distribution, etc [2009]
264 #4 - PUBLICATION, DISTRIBUTION, ETC. (IMPRINT)
Date of publication, distribution, etc c2009
300 ## - PHYSICAL DESCRIPTION
Extent 192 pages :
Other physical details illustrations (some color), portraits, plans ;
Dimensions 31 cm
504 ## - BIBLIOGRAPHY, ETC. NOTE
Bibliography, etc Includes bibliographical references and index.
650 #7 - SUBJECT ADDED ENTRY--TOPICAL TERM
Topical term or geographic name as entry element Art and architecture
General subdivision History
Chronological subdivision 20th century.
Source of heading or term BUEsh
9 (RLIN) 12545
650 #7 - SUBJECT ADDED ENTRY--TOPICAL TERM
Topical term or geographic name as entry element Art and architecture
General subdivision History
Chronological subdivision 21st century.
Source of heading or term BUEsh
9 (RLIN) 12546
653 ## - INDEX TERM--UNCONTROLLED
Resource For college Arts and Design
655 ## - INDEX TERM--GENRE/FORM
Form subdivision Reading book
942 ## - ADDED ENTRY ELEMENTS (KOHA)
Source of classification or shelving scheme Dewey Decimal Classification
Koha item type Book - Borrowing
Holdings
Withdrawn status Lost status Source of classification or shelving scheme Damaged status Not for loan Collection code Home library Current library Shelving location Date acquired Source of acquisition Cost, normal purchase price Serial Enumeration / chronology Total Checkouts Total Renewals Full call number Barcode Date last seen Date checked out Koha item type
    Dewey Decimal Classification     Alahram Central Library Central Library Second Floor 14/03/2010 Purchase 490.00 31 3 15 720.9 BJO 000020173 23/10/2025 16/10/2025 Book - Borrowing